The state of agricultural commodity markets.

সংরক্ষণ করুন:
গ্রন্থ-পঞ্জীর বিবরন
সংস্থা লেখক: FAO
বিন্যাস: গ্রন্থ
ভাষা:Undetermined
প্রকাশিত: Rome, Italy FAO 2006
বিষয়গুলি:
ট্যাগগুলো: ট্যাগ যুক্ত করুন
কোনো ট্যাগ নেই, প্রথমজন হিসাবে ট্যাগ করুন!
Thư viện lưu trữ: Trung tâm Học liệu Trường Đại học Cần Thơ
LEADER 00548nam a2200193Ia 4500
001 CTU_130536
008 210402s9999 xx 000 0 und d
082 |a 380.141 
082 |b F686 
110 |a FAO 
245 4 |a The state of agricultural commodity markets. 
245 0 |c FAO 
260 |a Rome, Italy 
260 |b FAO 
260 |c 2006 
650 |a Food industry and trade,Commodity exchanges,Agriculture 
650 |x Statistics,Statistics,Economic aspects 
904 |i Minh 
980 |a Trung tâm Học liệu Trường Đại học Cần Thơ